<?xml version="1.0" encoding="UTF-8"?>
<record
    xmlns:xsi="http://www.w3.org/2001/XMLSchema-instance"
    xsi:schemaLocation="http://www.loc.gov/MARC21/slim http://www.loc.gov/standards/marcxml/schema/MARC21slim.xsd"
    xmlns="http://www.loc.gov/MARC21/slim">

  <leader>00783nam a2200229Ia 4500</leader>
  <datafield tag="999" ind1=" " ind2=" ">
    <subfield code="c">36019</subfield>
    <subfield code="d">36019</subfield>
  </datafield>
  <controlfield tag="001">1918</controlfield>
  <controlfield tag="003">GE_BSU</controlfield>
  <controlfield tag="005">20221011104342.0</controlfield>
  <controlfield tag="008">181216s2005ru  xx |||||||||||||| ||rus||</controlfield>
  <datafield tag="010" ind1=" " ind2=" ">
    <subfield code="a">5964500358</subfield>
  </datafield>
  <datafield tag="040" ind1=" " ind2=" ">
    <subfield code="c">GE_BSU</subfield>
  </datafield>
  <datafield tag="041" ind1=" " ind2=" ">
    <subfield code="a">rus</subfield>
  </datafield>
  <datafield tag="080" ind1=" " ind2=" ">
    <subfield code="a">342.8(075.8) &#x411;-43</subfield>
  </datafield>
  <datafield tag="100" ind1=" " ind2=" ">
    <subfield code="a">&#x411;&#x435;&#x43B;&#x43E;&#x432;, &#x421;.&#x424;.</subfield>
    <subfield code="9">15221</subfield>
  </datafield>
  <datafield tag="245" ind1=" " ind2=" ">
    <subfield code="a">&#x418;&#x437;&#x431;&#x438;&#x440;&#x430;&#x442;&#x435;&#x43B;&#x44C;&#x43D;&#x430;&#x44F;  &#x441;&#x438;&#x441;&#x442;&#x435;&#x43C;&#x430; &#x43A;&#x430;&#x43A; &#x43F;&#x440;&#x430;&#x432;&#x43E;&#x432;&#x43E;&#x439; &#x438;&#x43D;-&#x443;&#x442; /</subfield>
    <subfield code="c">&#x421;.&#x424;. &#x411;&#x435;&#x43B;&#x43E;&#x432;.</subfield>
  </datafield>
  <datafield tag="264" ind1=" " ind2=" ">
    <subfield code="a">&#x421;&#x41F;&#x411; :</subfield>
    <subfield code="b">&#x414;&#x43E;&#x43C; &#x421;&#x430;&#x43D;&#x43A;&#x442;-&#x41F;&#x435;&#x442;&#x435;&#x440;&#x431;&#x443;&#x440;&#x433;&#x441;&#x43A;&#x438;&#x439; &#x433;&#x43E;&#x441;- &#x443;&#x43D;-&#x442;,</subfield>
    <subfield code="c">2005.</subfield>
  </datafield>
  <datafield tag="300" ind1=" " ind2=" ">
    <subfield code="a">120 &#x441;.: </subfield>
    <subfield code="b">21 &#x441;&#x43C;.</subfield>
  </datafield>
  <datafield tag="653" ind1=" " ind2=" ">
    <subfield code="a">&#x418;&#x437;&#x431;&#x438;&#x440;&#x430;&#x442;&#x435;&#x43B;&#x44C;&#x43D;&#x430;&#x44F;  &#x441;&#x438;&#x441;&#x442;&#x435;&#x43C;&#x430; &#x43A;&#x430;&#x43A; &#x43F;&#x440;&#x430;&#x432;&#x43E;&#x432;&#x43E;&#x439;</subfield>
  </datafield>
  <datafield tag="653" ind1=" " ind2=" ">
    <subfield code="a">&#x10E1;&#x10D0;&#x10D0;&#x10E0;&#x10E9;&#x10D4;&#x10D5;&#x10DC;&#x10DD; &#x10E1;&#x10D8;&#x10E1;&#x10E2;&#x10D4;&#x10DB;&#x10D0;</subfield>
  </datafield>
  <datafield tag="653" ind1=" " ind2=" ">
    <subfield code="a">&#x10E1;&#x10D0;&#x10DB;&#x10D0;&#x10E0;&#x10D7;&#x10D0;&#x10DA;&#x10D8;</subfield>
  </datafield>
  <datafield tag="942" ind1=" " ind2=" ">
    <subfield code="c">BK</subfield>
    <subfield code="2">udc</subfield>
  </datafield>
  <datafield tag="952" ind1=" " ind2=" ">
    <subfield code="0">0</subfield>
    <subfield code="1">0</subfield>
    <subfield code="2">udc</subfield>
    <subfield code="4">0</subfield>
    <subfield code="6">34280758_&#x411;43</subfield>
    <subfield code="7">0</subfield>
    <subfield code="9">34745</subfield>
    <subfield code="a">CPL</subfield>
    <subfield code="b">CPL</subfield>
    <subfield code="c">GEN</subfield>
    <subfield code="d">2018-12-17</subfield>
    <subfield code="g">7.00</subfield>
    <subfield code="o">342.8(075.8) &#x411;-43</subfield>
    <subfield code="p">3938</subfield>
    <subfield code="r">2018-12-17</subfield>
    <subfield code="t">3938</subfield>
    <subfield code="w">2018-12-17</subfield>
    <subfield code="y">BK</subfield>
    <subfield code="z">7.00</subfield>
  </datafield>
</record>
